Guess the Movie - Minimalistic Pictures #6 - Statistics

General Stats
  • This quiz has been taken 93 times
  • The average score is 10 of 20
Answer Stats
Picture Hint Answer % Correct
1977 Star Wars Series
98%
2001 Shrek
96%
2005 Madagascar
87%
1998 A Bug's Life
85%
2011 Green Lantern
78%
2011 Rango
73%
2006 Borat
66%
2000 American Psycho
62%
1987 Predator
56%
2000 Memento
52%
1994 The Mask
51%
1995 Se7en
41%
1995 Casino
32%
2006 Red Riding Hood
32%
2013 Jack the Giant Slayer
27%
2013 American Hustle
24%
1992 Basic Instinct
22%
2013 The Conjuring
21%
2012 The Place Beyond the Pines
2%
2013 G.I. Joe: Retaliation
1%
No matching quizzes found
Score Distribution
Percent of People with Each Score
Percentile by Number Answered
Your Score History
You have not taken this quiz